LEADER 01099nam0-2200289 --450 001 9910312130603321 005 20190321112249.0 010 $a978-88-495-3469-6 100 $a20190321d2017----kmuy0itay5050 ba 101 0 $aita 102 $aIT 105 $ay 001yy 200 1 $a<>circolazione dei dati personali tra privacy e contratto$fAlberto De Franceschi 210 $aNapoli$cEdizioni scientifiche italiane$d2017 215 $a138 p.$d24 cm 225 1 $aPubblicazioni della Scuola di specializzazione in diritto civile dell'Università di Camerino$v156 610 0 $aDati personali$aDiffusione$aTutela$aDiritto comunitario [e] Diritto interno 610 0 $aContratti$aEffetti [del] Diritto alla riservatezza$aDiritto comunitario [e] Diritto interno 676 $a342.240858$v23 700 1$aDe Franceschi,$bAlberto$0480134 801 0$aIT$bUNINA$gREICAT$2UNIMARC 901 $aBK 912 $a9910312130603321 952 $aUniversità 431 (156)$b2019/17$fFGBC 959 $aFGBC 996 $aCircolazione dei dati personali tra privacy e contratto$91513255 997 $aUNINA